The African Development Bank: financing growth to the 1990s (Record no. 33729)

MARC details
000 -LEADER
fixed length control field 00604nam a2200169 a 4500
008 - FIXED-LENGTH DATA ELEMENTS--GENERAL INFORMATION
fixed length control field 120416s1986 ||||||||||||||||| || u
020 ## - INTERNATIONAL STANDARD BOOK NUMBER
International Standard Book Number 0946510199
050 ## - LIBRARY OF CONGRESS CALL NUMBER
Classification number HG 3881 Roc
100 ## - MAIN ENTRY--PERSONAL NAME
Personal name Rocco, Fiammetta
245 14 - TITLE STATEMENT
Title The African Development Bank: financing growth to the 1990s
260 ## - PUBLICATION, DISTRIBUTION, ETC.
Place of publication, distribution, etc. London
Name of publisher, distributor, etc. Middle East Economic Digest
Date of publication, distribution, etc. 1986
300 ## - PHYSICAL DESCRIPTION
Extent vi, 111p. : ill.
350 ## - PRICE (NR) (BK AM CF MU VM SE) [OBSOLETE]
Price 0.00
650 ## - SUBJECT ADDED ENTRY--TOPICAL TERM
Topical term or geographic name entry element BANKING
650 ## - SUBJECT ADDED ENTRY--TOPICAL TERM
Topical term or geographic name entry element MONEY AND BANKING
995 ## - RECOMMENDATION 995 [LOCAL, UNIMARC FRANCE]
-- 0.00
-- CBU-MAIN LIBRARY (Kitwe)
-- 1
-- 85.00
-- 1
-- AVAILABLE
-- Annex Low-Usage Collection
Holdings
Withdrawn status Lost status Source of classification or shelving scheme Damaged status Not for loan Home library Current library Shelving location Date acquired Total Checkouts Full call number Barcode Date last seen Price effective from Koha item type
          CBU-MAIN LIBRARY, KITWE. CBU-MAIN LIBRARY, KITWE.   11/30/2022   HG 3881 Roc 55934 11/30/2022 11/30/2022 MONOGRAPH